M S Swaminathan : the man who fed India (Record no. 115200)

MARC details
000 -LEADER
fixed length control field 00236 a2200097 4500
020 ## - INTERNATIONAL STANDARD BOOK NUMBER
International Standard Book Number 9789369890231
100 ## - MAIN ENTRY--PERSONAL NAME
Personal name Priyambada Jayakumar
245 ## - TITLE STATEMENT
Title M S Swaminathan : the man who fed India
260 ## - PUBLICATION, DISTRIBUTION, ETC. (IMPRINT)
Name of publisher, distributor, etc Harper Collins
Date of publication, distribution, etc 2025
942 ## - ADDED ENTRY ELEMENTS (KOHA)
Koha item type On order/under processing
Holdings
Withdrawn status Lost status Damaged status Not for loan Home library Current library Date acquired Source of acquisition Cost, normal purchase price Total Checkouts Barcode Date last seen Cost, replacement price Price effective from Koha item type
        University Library University Library 07/02/2026 275 639.20   00097279 07/02/2026 799.00 07/02/2026 On order/under processing
University Library, CUSAT